| 000 | 01057 a2200241 4500 | ||
|---|---|---|---|
| 005 | 20080904124440.0 | ||
| 008 | 080904t xxu||||| |||| 00| 0 hin d | ||
| 010 | _aHIN-79881 | ||
| 020 |
_a8181436415 _c150.00 |
||
| 035 | _aHN-52227 | ||
| 037 | _bD.B.Act / pub | ||
| 082 | _a821 | ||
| 100 | _aमैत्रे, रेखा | ||
| 245 |
_aबेशर्म के फूल _cरेखा मैत्रे |
||
| 246 |
_aBesharam ke phool _bby Rekha Maitra |
||
| 260 |
_aनई दिल्ली _bवाणी प्रकाशन _c2007 |
||
| 270 |
_a21-ए, दरियागंज, _bनई दिल्ली _e110002 |
||
| 300 |
_a87पृ _c22 सेमी (सजिल्द) |
||
| 650 | _aहिन्दी कविताएँ | ||
| 650 | _aHindi Poems | ||
| 942 |
_adpl _cHN _k821 / मैत्रेरे _2ddc _h821 _m मैत्रेरे |
||
| 999 |
_c4064 _d4064 |
||